[Event "FIDE World Cup"]
[Site "Baku"]
[Date "2015.09.20"]
[Round "4.1"]
[White "Mamedyarov, Shakhriyar"]
[Black "Caruana, Fabiano"]
[Result "1-0"]
[WhiteElo "2736"]
[BlackElo "2808"]
[Annotator "Krasenkow,M"]
[PlyCount "77"]
[EventDate "2015.09.11"]
[EventType "k.o."]
[EventRounds "7"]
[EventCountry "AZE"]
[SourceTitle "CBM 169"]
[Source "ChessBase"]
[SourceDate "2015.11.10"]
[SourceVersion "1"]
[SourceVersionDate "2015.11.10"]
[SourceQuality "1"]

1. d4 Nf6 2. c4 g6 3. Bg5 $5 {Another attempt to avoid the Grünfeld Defence.}
Ne4 (3... Bg7 4. Nc3 {, and Black should either play the King's Indian or go
for} d5 {(the system 4.Bg5 Bg7 in the Gruenfeld), which is quite risky.}) 4.
Bf4 c5 (4... e5 5. dxe5 Bb4+ 6. Nd2 d6 7. Ngf3 $14) 5. Qc2 (5. f3 {was played
in the following blitz game, without any success for White:} Qa5+ 6. Nd2 Nxd2
7. Bxd2 Qb6 8. Bc3 Bg7 9. e3 Nc6 10. Ne2 cxd4 11. Nxd4 O-O 12. Qd2 Rd8 13. Rd1
a5 14. Be2 d5 $11 {1/2 (39) Mamedyarov,S (2743)-Aronian,L (2815) Dubai 2014}) (
5. Nd2 Nxd2 6. Qxd2 Bg7 7. d5 d6 8. e4 O-O 9. Bd3 e5 10. Be3 f5 11. f3 Nd7 12.
Ne2 Nf6 13. Nc3 Kh8 14. O-O-O a6 15. exf5 gxf5 16. h3 b5 17. g4 $13 {1-0 (42)
Minzer,C (2350)-Sanchez Almeyra,J (2435) Buenos Aires 1994}) 5... Qa5+ (5... d5
6. cxd5 Qxd5 (6... Bf5 7. g4 $1) 7. e3 {[%cal Yf1c4]}) (5... Nf6 6. d5 Bg7 7.
Nc3 d6 8. Nf3 O-O 9. e4 a6 10. a4 Nh5 11. Bg5 h6 12. Bd2 e5 13. g3 $14 {
0-1 (31) Stojanovic,M (2443)-Gross,D (2465) Valjevo 2000}) (5... f5 $5 6. f3
Qa5+ 7. Nd2 {- game}) 6. Nd2 f5 (6... Nxd2 7. Bxd2 Qc7 8. d5 (8. dxc5 Bg7 9.
Bc3 Bxc3+ 10. Qxc3 O-O 11. h4 Qxc5 12. h5 Nc6 13. hxg6 fxg6 14. Nf3 d6 15. e3
Bg4 16. Be2 Rac8 $13 {1-0 (41) Chernyshov,K (2531)-Feher,G (2402) Zalakaros
2005}) 8... Bg7 9. e4 O-O 10. Bd3 a6 11. Nf3 $14 {1/2 (11) Ivanisevic,I (2596)
-Macieja,B (2613) Vrsac 2006}) (6... Nf6 7. d5 d6 8. e4 Bg7 (8... Na6 9. a3 Bg7
10. Be2 $14 (10. Ne2 $2 Nxe4 11. Qxe4 Bf5 12. Qf3 Nb4 {1/2 (23) Ovsejevitsch,S
(2508)-Eljanov,P (2568) St Petersburg 2002})) 9. Ne2 O-O 10. Nc3 Nh5 11. Bg5 f6
12. Be3 f5 13. exf5 Bxf5 $132 {1-0 (35) Ovsejevitsch,S (2545)-Schmidt,W (2435)
Legnica 2006}) 7. f3 (7. e3 Bg7 8. Ngf3 Nc6 9. d5 e5 10. Bg3 Nb4 11. Qb1 {
1-0 (48) Ovsejevitsch,S (2582)-Bae,T (2411) Basel 2011} Nxg3 12. hxg3 e4 $36) (
7. Ngf3 Bg7 $132) 7... Nf6 8. d5 d6 (8... Bg7 9. Be5 d6 10. Bc3 Qc7 11. e4 O-O
12. Bd3 e6 13. dxe6 fxe4 14. Nxe4 Nxe4 15. Bxe4 Bxe6 16. Ne2 Nc6 17. Bxg7 Qxg7
18. Bxc6 bxc6 $11 {1/2 (35) Barsov,A (2445)-Vareille,F (2380) Val Thorens 1995}
) 9. e4 (9. e3 $5 Bg7 10. Ne2 {[%cal Ye2c3]}) 9... Na6 10. Ne2 fxe4 11. fxe4
Bg7 12. Nc3 O-O 13. Be2 Nh5 (13... Ng4 $5 14. O-O Bd4+ 15. Kh1 Nf2+ 16. Rxf2
Bxf2 17. Bh6 $44 Bd7 $1 18. Nf3 Bd4 {, giving back the exchange with a decent
position.}) (13... Nb4 {hardly makes sense:} 14. Qc1 (14. Qb1 $2 Nxe4 15. Qxe4
Bf5) 14... Ng4 15. O-O Bd4+ 16. Kh1 Nf2+ 17. Rxf2 Bxf2 18. Bh6 $44) 14. Bg5 Qd8
$2 {[%mdl 16384] A bad move. The exchange on h5 destroys Black's kingside pawn
structure.} (14... Nf4 $1 15. O-O Nxe2+ 16. Nxe2 Bg4 $13) 15. Bxh5 gxh5 16. Nf3
h6 17. Be3 Bg4 18. O-O e6 19. Qd2 $1 Kh7 20. Rad1 $1 {A good move. White wants
Black to close the centre.} e5 $6 ({It was probably better to balk to the end:
} 20... Qd7 {After the game move White should not worry about the centre and
starts a decisive attack.}) 21. Rf2 Nc7 22. Rdf1 {[%mdl 128]} Rb8 {Too late
for counterplay!} (22... Qe7 {was not much better, though.}) 23. h3 Bd7 24. Ne2
$1 {[%cal Re2g3]} h4 25. Kh2 b6 26. g3 hxg3+ 27. Nxg3 Rg8 28. Nh5 Ne8 29. Nxg7
Nxg7 30. Bxh6 Nh5 31. Ng5+ Kg6 32. Rg1 Qe7 33. Nf7+ Kh7 34. Bg5 Qe8 35. Qe2 Ng7
36. Rf6 Rf8 37. Rh6+ Kg8 38. Bf6 Rxf7 39. Qh5 1-0

[Event "RUS-Cup3"]
[Site "Omsk"]
[Date "1996.??.??"]
[Round "8"]
[White "Graf, Alexander"]
[Black "Yandemirov, Valeri"]
[Result "0-1"]
[WhiteElo "2580"]
[BlackElo "2465"]
[Annotator "Hazai,L"]
[PlyCount "82"]
[EventDate "1996.12.13"]
[EventType "swiss"]
[EventRounds "9"]
[EventCountry "RUS"]
[SourceTitle "CBM 057"]
[Source "ChessBase"]
[SourceDate "1997.04.01"]
[SourceVersion "1"]
[SourceVersionDate "1997.04.01"]
[SourceQuality "1"]

1. d4 Nf6 2. c4 g6 3. g3 c6 4. d5 {This anti-Grunfeld move gives away the
opening advantage immediately.} (4. Bg2 $142 d5 {leads to the Neo Grunfeld
defence.}) 4... cxd5 5. cxd5 Qa5+ {Black wants to exploit the weakness on the
diagonals a5-e1 and a1-h8 quickly.} (5... d6 6. Nc3 Bg7 7. Bg2 Qa5 {transposes
to the game.}) 6. Nc3 Bg7 (6... b5 {is another agressive try leading to
complicated positions.} 7. Bg2 d6 8. a3 (8. Nf3 $2 {This seemingly normal
developing move runs into} b4 {losing d5.}) 8... b4 9. Na2 bxa3+ 10. Bd2 {
(Korchnoi-Uhlmann, Sarajevo 1969)} Qb6 $1 11. bxa3 Bg7 $13 {Korchnoi}) 7. Bg2
d6 8. e4 $2 (8. Bd2 O-O 9. e3 Nbd7 10. Nge2 Ne5 11. O-O Nc4 (11... Bg4 12. f3
Bd7 $13) 12. Bc1 Bg4 13. Qb3 Rfc8 14. Nd4 (14. Qxb7 $2 {loses the Q after} Rab8
15. Qxe7 Re8 $19) 14... Bd7 15. Rd1 {(Korchnoi-Geller, Moscow m/7 1971)} Qc5 $1
$13 {Gufeld}) 8... Bg4 $1 9. f3 $2 {[#] Overlooking the nice tactical blow.} (
9. Nge2 Bxe2 10. Kxe2 {was more persistant, although after} (10. Qxe2 $2 Nxe4)
10... Nbd7 {Black has an excellent position.}) (9. Qb3 Na6 10. Qxb7 O-O $44)
9... Nxe4 $3 $19 {After this combination White's position collapses.} 10. fxg4
(10. Qa4+ Qxa4 11. Nxa4 Bd7 $19) 10... Nxc3 11. Qd2 (11. bxc3 Qxc3+) 11... Qc5
12. a4 Na6 $1 {The rest is easy.} 13. Kf1 Nb4 14. Ne2 Ncxd5 15. Ra3 O-O 16. Bf3
Nb6 17. Qg5 Nc4 18. Qxc5 dxc5 19. Rb3 Rad8 20. g5 b6 21. Kg2 e6 22. Nf4 Nd2 23.
Re3 Nxf3 24. Rxf3 e5 25. Nh3 Nd3 26. b3 e4 27. Re3 Rfe8 28. Re2 a6 29. Rf1 b5
30. axb5 axb5 31. Rc2 c4 32. bxc4 b4 33. Nf2 b3 34. Re2 b2 35. Bf4 Nxf2 36.
Kxf2 Ra8 37. c5 Ra1 38. Ree1 Rc8 39. Be3 Rca8 40. c6 Rc8 41. Rd1 Rxc6 0-1

[Event "EU-chT (Men) 11th"]
[Site "Pula"]
[Date "1997.05.??"]
[Round "2.3"]
[White "Blatny, Pavel"]
[Black "Smirin, Ilia"]
[Result "0-1"]
[WhiteElo "2540"]
[BlackElo "2575"]
[Annotator "Hazai,L"]
[PlyCount "80"]
[EventDate "1997.05.05"]
[EventType "team-swiss"]
[EventRounds "9"]
[EventCountry "CRO"]
[SourceTitle "CBM 057 Extra"]
[Source "ChessBase"]
[SourceDate "1997.05.01"]
[SourceVersion "1"]
[SourceVersionDate "1997.05.01"]
[SourceQuality "1"]
[WhiteTeam "Czech Republic"]
[BlackTeam "Israel"]
[WhiteTeamCountry "CZE"]
[BlackTeamCountry "ISR"]

1. Nf3 Nf6 2. c4 g6 3. b3 Bg7 4. Bb2 d6 5. d4 O-O 6. g3 e5 7. Bg2 $2 (7. dxe5 {
is the normal main line here. The game continuation loses the centre at once.})
7... e4 $1 8. Nfd2 Re8 (8... e3 {was seen in Blatny-Marin, Haifa EU-cht 1989
and after} 9. fxe3 Qe7 10. e4 Ng4 11. Nf1 c5 12. h3 Nf6 13. Nc3 Nc6 14. dxc5 (
14. e3 {was probably Blatny's improvement?}) 14... dxc5 15. Nd5 Nxd5 16. Bxg7 {
and now the nice intermediate move} Nf4 $3 {was overseen:} 17. Bxf8 Nxg2+ 18.
Kf2 Kxf8 19. Kxg2 Qxe4+ 20. Kh2 Bf5 21. Qd6+ Kg8 22. Re1 Nd4 {with more than
enough compensation for the exchange.}) 9. e3 {defending against e4-e3} (9. Nf1
{/\ Ne3 blockading the e4 P.} c6 10. Ne3 Nbd7 11. O-O h5 12. Nc3 Nf8 13. Qd2 d5
14. cxd5 cxd5 15. Rac1 Ne6 $13 {Szapiro-Geller, Moscow ol 1956}) (9. O-O {
allows e4-e3 coming with a great effect.} e3 10. fxe3 Ng4 $17) 9... c6 {
/\ d6-d5} 10. d5 $2 {White has to finish the development as soon as possible.
Instead of this he allows Black to open up the position leaving the K in the
middle.} (10. O-O d5 {was still playable, although in this pawn structure the
B on b2 is out of place.}) 10... cxd5 11. cxd5 Bg4 $1 12. Qc2 Na6 $1 {All the
black pieces come out with a tempo.} 13. a3 {against Nb4} (13. O-O Rc8 $1 (
13... Be2 $6 {is met by} 14. Nxe4 $1 Bxf1 15. Nxf6+ Bxf6 16. Kxf1 {with some
chances for survival.}) 14. Nc3 Nb4 15. Qb1 Nd3 16. f3 Nxb2 17. fxg4 Rxc3 18.
Qxb2 Rxe3 $19) 13... Rc8 14. Nc3 Nc5 15. O-O Nd3 {The weakness of the d3
square is lethal.} 16. f3 {White wants to get rid off the unpleasant N, but
creates some additional weaknesses in his own camp.} Nxb2 17. fxg4 (17. Qxb2
Nxd5) 17... Nxd5 18. Ndxe4 Nxc3 19. Nxc3 Rxc3 (19... Bxc3 20. Bd5 Re7 21. Rxf7
Rxf7 22. Rf1 Kh8 23. Rxf7 Bg7 {was also good for a win.}) 20. Qxb2 Rcxe3 $19
21. Qf2 Bxa1 22. Qxf7+ Kh8 23. Rxa1 Re1+ 24. Rxe1 Rxe1+ 25. Kf2 Qe7 26. Qf3 Rc1
27. Qe4 Qxe4 28. Bxe4 Rc3 29. Bd5 Rd3 30. Bc4 Rd2+ 31. Ke3 Rxh2 32. g5 Kg7 33.
a4 Rh5 34. Kf4 h6 35. gxh6+ Kxh6 36. Ke4 Re5+ 37. Kd4 Rg5 38. Ke4 Rxg3 39. Bd5
b6 40. Bc4 Kh5 0-1

[Event "RUS-Cup6"]
[Site "Krasnodar"]
[Date "1997.??.??"]
[Round "7"]
[White "Tregubov, Pavel V"]
[Black "Fedorov, Alexei"]
[Result "1-0"]
[WhiteElo "2525"]
[BlackElo "2580"]
[Annotator "Hazai,L"]
[PlyCount "105"]
[EventDate "1997.03.11"]
[EventType "swiss"]
[EventRounds "9"]
[EventCountry "RUS"]
[SourceTitle "EXT 2000"]
[Source "ChessBase"]
[SourceDate "1999.11.16"]
[SourceVersion "1"]
[SourceVersionDate "1999.11.16"]
[SourceQuality "1"]

1. d4 Nf6 2. c4 g6 3. g3 Bg7 4. Bg2 O-O 5. Nf3 c5 6. d5 d6 7. O-O b5 {leading
to Benko Gambit type positions.} (7... Na6 8. Nc3 Nc7 {leads to a small, but
durable advantage for White, therefore this line has lost it's popularity
nowadays.}) 8. cxb5 a6 9. bxa6 Bf5 {Black is fighting for the e4 square.} (9...
Bxa6 {leads to the Benko Gambit.}) 10. Nc3 (10. Ne1 $6 Nbd7 11. Nc3 Nb6 12. e4
$6 {consistant, but bad, since the diagonal f1-a6 becomes weak.} Bc8 13. Nd3 (
13. f3 Bxa6 14. Rf2 Nfd7 15. Nc2 Ne5 $15) 13... Bxa6 14. Re1 Nfd7 15. f4 Nc4
16. Bh3 {(Kakageldyev-Nenashev, Calcutta op 1996)} Ra7 17. Ne2 Qa5 $44 {
Dolmatov}) (10. Nfd2 Nxa6 11. Nc3 Nb4 12. Nc4 Bc2 13. Qd2 Ng4 14. Na3 Bf5 15.
h3 Nf6 16. g4 Bc8 17. Nc4 h5 18. g5 Nd7 19. a3 Nb6 20. Ne3 e6 21. dxe6 Bxe6 22.
Rb1 Na2 23. Ne4 Nxc1 24. Rfxc1 Bd4 $15 {Drasko-Smirin, Kranevo 1996}) 10... Ne4
11. Nxe4 (11. Nb5 Nxa6 12. a4 (12. Nh4 Bd7 $1 13. a4 Nb4) 12... Nb4 13. Ra3 (
13. Nh4 Bd7) 13... Nf6 14. Ne1 Qb6 15. h3 Be4 16. Bxe4 Nxe4 $44 {P.
Nikolic-Anand, Monaco rapid 1996}) 11... Bxe4 12. Nd2 Bxg2 13. Kxg2 Nd7 (13...
Rxa6 14. Nc4 Nd7 15. e4 Qa8 16. a4 Rb8 17. Ra3 Nb6 18. Nxb6 Raxb6 19. b3 Rb4
20. Re1 Qb7 $44 {P.Nikolic-Kasparov, Paris 1994}) 14. Nc4 Nb6 (14... Rxa6 {
- 13...Ra6, and perhaps this was the most precise way!}) 15. Qd3 (15. Nxb6 Qxb6
$44) 15... Nxc4 16. Qxc4 Qb6 17. Rb1 Qxa6 (17... Rfb8 $1 18. a3 Qb3 {prevents
White from a3-b4}) 18. Qxa6 Rxa6 19. a3 Rb8 20. b4 $1 f5 $1 (20... cxb4 21.
axb4 Bc3 22. Rb3 $1 Bxb4 23. Be3 $16 {with a nasty pin on the b line.}) 21. Be3
cxb4 22. axb4 Rb5 23. Rfc1 Ra4 (23... Rxd5 $2 24. b5 $1 $16 {gives the bP the
free way.}) 24. Rc4 Kf7 25. Bd4 Rxd5 26. Bxg7 Kxg7 27. Rc7 Kf6 $2 {Now the b P
becomes very dangerous, since White's rook is behind the P, which is the best
place for him according to Tarrasch.} (27... Rb5 $1 {Black has to eliminate
the dangerous passed P.} 28. Rxe7+ Kf6 (28... Kh6 $2 29. Rc1 Rbxb4 30. Rcc7 $18
) 29. Rxh7 Rbxb4 30. Rxb4 (30. Rd1 Rd4) (30. Rc1 Rc4) 30... Rxb4 {gives
significant drawing chances for Black.}) 28. b5 Ra5 29. b6 Rdb5 30. Rcc1 $1
Rxb1 31. Rxb1 Ra8 32. b7 Rb8 33. Kf3 e5 (33... Ke6 34. Kf4 h6 35. h4 Kd7 36. h5
$1) 34. g4 h5 (34... Ke6 35. gxf5+ gxf5 36. Kg3 Kd7 37. Kh4 Kc7 38. Kg5 $18) (
34... fxg4+ 35. Kxg4 Ke6 36. Kf3 $1) (34... f4 35. Ke4 Ke6 36. Rb6 $18) 35.
gxh5 gxh5 36. Kg3 f4+ 37. Kh4 Kf5 38. f3 d5 39. Rb5 $1 {zugzwang} Kf6 40. Kxh5
e4 41. fxe4 dxe4 42. Kg4 f3 43. exf3 e3 44. Kg3 Rg8+ 45. Kf4 e2 46. Rf5+ Kg6
47. Rg5+ Kf7 48. Rxg8 e1=Q 49. b8=Q Qh4+ 50. Kf5 Qh5+ 51. Ke4 Qh4+ 52. Rg4 Qe1+
53. Kf5 1-0

[Event "Tata Steel-A 76th"]
[Site "Wijk aan Zee"]
[Date "2014.01.23"]
[Round "9"]
[White "Nakamura, Hikaru"]
[Black "Caruana, Fabiano"]
[Result "1/2-1/2"]
[WhiteElo "2789"]
[BlackElo "2782"]
[Annotator "Krasenkow,M"]
[PlyCount "122"]
[EventDate "2014.01.11"]
[EventType "tourn"]
[EventRounds "11"]
[EventCountry "NED"]
[EventCategory "20"]
[SourceTitle "CBM 159"]
[Source "ChessBase"]
[SourceDate "2014.03.17"]
[SourceVersion "1"]
[SourceVersionDate "2014.03.17"]
[SourceQuality "1"]

1. d4 Nf6 2. c4 g6 3. Nf3 Bg7 4. g3 O-O 5. Bg2 c5 6. Nc3 cxd4 7. Nxd4 Qc7 8. b3
d5 9. Ndb5 Qa5 10. Bd2 dxc4 11. bxc4 Qd8 12. O-O a6 {For this line - see
Kramnik-Radjabov in CBM 154, with extensive annotations by GM Igor Stohl.} 13.
Na3 Nc6 (13... Bf5 {is more common. Here is a recent example:} 14. Nc2 Nc6 15.
Ne3 Qd4 16. Nxf5 $1 $146 gxf5 17. Rc1 Rad8 18. Nd5 Ne4 19. Be3 Qxd1 (19... Qb2
$5) 20. Rfxd1 e6 21. f3 $5 exd5 22. fxe4 dxe4 23. Bh3 Bd4 24. Kf2 Rfe8 25. Bxf5
Re5 26. g4 $14 {1-0 (69) Wojtaszek,R (2711)-Rodshtein,M (2682) Basel 2014}) 14.
Nc2 Be6 {Controlling the d5-square. This plan is probably more solid than ...
Bc8-f5 despite the fact that White's rook can go to b1.} 15. Rb1 (15. Ne3 Na5
16. Rc1 Rc8 17. Ncd5 Nxc4 18. Nxf6+ Bxf6 19. Nxc4 Rxc4 20. Bh6 Qxd1 21. Rfxd1
Bg7 22. Bxg7 Kxg7 23. Bxb7 a5 $15 {_|_: 1/2 (87) Khismatullin,D (2656)-Giri,A 
(2749) Rhodes 2013}) 15... Rc8 16. Ne3 Na5 17. Bxb7 Nxb7 18. Rxb7 {White has
won a pawn but the strong bishop pair guarantees Black sufficient compensation.
} Bh3 {The bishop will eventually get into trouble here.} (18... Qd4 $5 $132 {
[%cal Yf8d8]}) 19. Re1 e6 20. Qc2 Qd4 21. Reb1 Rfd8 22. Be1 Ng4 23. Nxg4 Bxg4
24. Qa4 $1 Bh3 (24... Rxc4 $2 25. R7b4 $1 {[%csl Rg4]} Rdc8 $8 26. Qxa6 $16) (
24... Qc5 $5 {[%cal Rg7c3]}) 25. Rd1 Qg4 (25... Qc5 $11) 26. f3 Rxd1 $6 (26...
Qg5 $142 27. Rbd7 $1 Bxc3 $1 28. Rxd8+ Rxd8 29. Rxd8+ Qxd8 30. Bxc3 Qb6+ 31. c5
Qxc5+ 32. Bd4 Qb5 $11) 27. Nxd1 Qd4+ (27... Qxc4 $2 28. Qxc4 Rxc4 29. Rb8+ Bf8
30. Nf2 Rc1 31. Nd3 Rd1 32. Kf2 {[%cal Re1b4]} Kg7 33. Bc3+ {(M.Notkin)}) 28.
Nf2 Bf8 $6 (28... Qa1 29. Qd1 Qxd1 30. Nxd1 h5 31. Nf2 Bd4 32. Bd2 Bf5 33. e3
Bc5 34. g4 $14) (28... e5 $142 29. g4 Bf8 30. Qd7 $5 (30. Rd7 Qe3 31. Qd1 Bc5
32. Rd3 Qf4) 30... Qxd7 31. Rxd7 Bc5 32. Rd5 $1 Ba7 (32... f6 33. Rxc5 Rxc5 34.
Nxh3 Rxc4 35. a3 $14) 33. Rxe5 Rxc4 34. e3 Rc1 35. Nxh3 Rxe1+ 36. Kf2 Rb1 {
and Black should not lose}) 29. Qd7 $6 {White misses a good opportunity; the
text move enables Black to restore the balance.} (29. Rd7 $1 Qe3 30. Qd1 Bc5 (
30... Rxc4 $2 31. Bd2 Qc5 32. Rd3 {[%csl Rh3][%cal Rd2e3]}) 31. Rd3 Qg5 32. Bd2
$16 {(indicated by IM M.Notkin)}) 29... Qxd7 30. Rxd7 {[%mdl 4096]} Bc5 31. Bb4
(31. Bc3 e5 $1 32. Rd3 e4 33. fxe4 Be6 $44) (31. Rd3 e5 32. g4 e4 33. Rd5 exf3
34. exf3 f5 35. g5 (35. Rxc5 Rxc5 36. Nxh3 fxg4 37. fxg4 Rxc4 {[%cal Rc4a4,
Rc4g4]}) 35... Be3 $132) 31... Bxb4 32. Nxh3 h6 {A solid continuation although}
(32... Rxc4 {was possible, too:} 33. Ng5 Bc5+ 34. Kg2 Rc2 35. Kf1 Rc1+ 36. Kg2
Rc2 $11) 33. Nf2 Bc5 (33... Rxc4 34. Ng4) 34. Rd3 Bxf2+ 35. Kxf2 Rxc4 36. Ra3
Rc6 $11 {Black's rook is active enough so he easily holds his ground.} 37. Ke3
Kf8 38. h4 h5 39. Kd4 Ke7 40. e4 Kd7 41. e5 Rb6 42. Ra5 Rc6 43. Ra4 Rb6 44. Ke4
Ke7 45. Kf4 Kf8 46. Ke4 Ke7 47. g4 hxg4 48. fxg4 Kf8 49. Ra5 Rb4+ 50. Kf3 Rb6
51. Kf4 Kg7 52. Ra4 Rc6 53. Ke4 Rb6 54. a3 Rb1 {Black gives up his a6-pawn but
recovers the balance with the pawn on h4.} 55. Rxa6 Rh1 56. a4 Rxh4 57. Kf4 Rh1
58. g5 Rf1+ 59. Kg4 Rg1+ 60. Kf4 Rf1+ 61. Kg4 Rg1+ 1/2-1/2

[Event "Olympiad-42"]
[Site "Baku"]
[Date "2016.09.11"]
[Round "9.2"]
[White "Hammer, Jon Ludvig"]
[Black "Nakamura, Hikaru"]
[Result "0-1"]
[WhiteElo "2651"]
[BlackElo "2789"]
[Annotator "Szabo,Kr"]
[PlyCount "63"]
[EventDate "2016.09.02"]
[EventType "team-swiss"]
[EventRounds "11"]
[EventCountry "AZE"]
[SourceTitle "CBM 175"]
[Source "ChessBase"]
[SourceDate "2016.11.10"]
[SourceVersion "1"]
[SourceVersionDate "2016.11.10"]
[SourceQuality "1"]
[WhiteTeam "Norway"]
[BlackTeam "US of America"]
[WhiteTeamCountry "NOR"]
[BlackTeamCountry "USA"]

1. d4 Nf6 2. c4 g6 3. Nf3 Bg7 4. g3 O-O 5. Bg2 d6 6. O-O c5 (6... Nbd7) ({and} 
6... Nc6 {are the other main lines.}) 7. dxc5 (7. Nc3 {is the the most popular
variation.}) 7... dxc5 8. Ne5 Qc7 9. Nd3 Be6 ({Recently ther was a game with} 
9... Nbd7 10. Nc3 a6 11. Be3 Rb8 12. Rc1 e6 13. Qa4 b6 14. b4 $14 {
Matlakov-Cai, Harbin 2016, and White was slightly better, later he managed to
win.}) 10. Bf4 ({In the event of} 10. Qb3 Nc6 $1 11. Nxc5 Nd4 (11... Bc8 $5)
12. Nxe6 Nxe2+ 13. Kh1 fxe6 {(Arsovic-Dragovic, Senta 2008)} 14. Nc3 $5 Nxc3
15. bxc3 $14 {and thanks to the B pair, White looks more comfortable.}) 10...
Qc8 11. Nd2 $146 {A logical novelty by Hammer.} (11. Be3 Bh3 12. Bxc5 Bxg2 13.
Kxg2 b6 (13... Qc6+ {(Kojima-Sean, Budapest 2013)} 14. f3 Nbd7 15. Bf2 Qxc4 16.
Na3 {and Black still has to play some accurate moves to equalise.}) 14. Be3 (
14. Bxe7 $4 {loses after} Qb7+ $19 {and Black wins the B.}) 14... Qxc4 $132 {
with a double-edged fight.}) 11... Bh3 12. Nf3 Bxg2 13. Kxg2 b6 14. Re1 (14.
Nde5 $5 {was also an interesting choice.}) 14... Qb7 ({The natural developing} 
14... Nc6 $5 {was the alternative.}) 15. Qc1 Rd8 ({Still} 15... Nc6 $5 {
was also good.}) 16. Bh6 Bh8 $1 {A very ambitious reply! Nakamura doesn't want
to exchange the Bs, because his is more useful on the long diagonal.} 17. Nde5
Ne4 $1 18. Qf4 f6 19. Rad1 $1 {Hammer also finds the smart reply.} Nd6 $1 {
Another ambitious move! Black avoids the exchange of Rs and he prepares the
advance with his Ps in the centre.} 20. Ng4 $6 {A human reply, but this is a
dubious move.} (20. Qg4 $1 {was more accurate,} Qc8 $1 ({of course not} 20...
fxe5 $4 21. Qe6+ Nf7 22. Rxd8# {and mate!}) 21. Rxd6 $1 {The best practical
chance.} (21. Qxc8 Rxc8 22. Nd3 Nxc4 $17 {and Black is a healthy P up.}) 21...
exd6 22. Qe4 d5 23. cxd5 Qb7 ({but not} 23... fxe5 $2 24. d6 $1 $16 {and
suddenly White is better.}) (23... Qf5 24. Qh4 $5 $132) 24. Nc6 Nxc6 25. dxc6
Qf7 $15 {and Black is slightly better, but it is still not easy.}) 20... Nc6
21. Kg1 Nf7 $1 $17 {Now Black is ready to advance with his e- and f-Ps and
White can't avoid it.} 22. h3 f5 23. Ngh2 e5 24. Qc1 e4 25. Nh4 Rxd1 26. Rxd1
Nd4 {Black has gained some space and his pieces are powerful. White's position
becomes difficult.} 27. Re1 Qa6 $1 {Another strong continuation by Nakamura.
Suddenly the a2 and c4 Ps are attacked by the Q and it is not possible to
protect both in one move.} 28. Be3 ({In the event of} 28. a3 Nxh6 29. Qxh6 Qxc4
$19 {and Black is winning.}) 28... Qxa2 29. g4 Bf6 30. Ng2 Ne6 31. gxf5 gxf5
32. Nf1 {and White didn't wait for his opponent's reply... he resigned.} (32.
Nf1 Qxb2 $19) 0-1